00595nam a2200193 a 450000100060000000300080000600500170001400800410003102000130007203500190008504000350010404100080013908200260014710000240017324501120019726000450030930000270035465000200038148711BD-RjUL20211209054555.0160816s1968 enk b 000 0 eng  a71006302 a(BD-RjUL)48830 aBD-RjULbengcBD-RjULdBD-RjUL1 aeng 223a658.403bCHD 1968 aChapman, Richard A.10aDecision making :ba case study of the decision to raise the bank rate september 1957 /cRichard A. Chapman aLondon :bRoutledge & Kegan Paul,c1968, aviii, 118 p. ;c23 cm. 0aDecision making